000 00612cam a22002411 4500
001 sa 62000672
003 DLC
005 20260227111915.0
008 890508s1961 ii b 000 0 hino
010 _asa 62000672
035 _a(OCoLC)19676984
040 _aDLC
_cWaU
_dDLC
042 _apremarc
043 _aa-ii---
050 0 0 _aPK2040
_b.T7
100 1 _aTripāṭhī, Lāladhara.
245 1 0 _aGītikāvya kā vikāsa.
260 _c[1961]
300 _a14, 496, 21 p.
_c23 cm.
500 _aIn Hindi.
504 _aBibliographical footnotes.
650 0 _aHindi poetry
_xHistory and criticism.
999 _c53010
_d53010